000
00199 a2200097 4500
001
6087
100
_a
Willows, R S
245
_a
Text book of physics.
260
_a
_b
Edward
_c
090
_c
4985
_d
4985
942
_a
NUST-CAE
_c
M
_c
31361
999
_c
241160
_d
241160